|
|
|
|
| LEADER |
00000nam2a2200000 4500 |
| 001 |
249703 |
| 005 |
20231101232509.0 |
| 020 |
|
|
|a RU
|b 82-37941ж
|
| 035 |
|
|
|a (RuTPU)RU\TPU\book\271805
|
| 035 |
|
|
|a RU\TPU\book\155270
|
| 090 |
|
|
|a 249703
|
| 100 |
|
|
|a 20140207d1988 k y0rusy5003 ca
|
| 101 |
0 |
|
|a rus
|
| 102 |
|
|
|a UA
|
| 105 |
|
|
|a a z 001zy
|
| 200 |
0 |
|
|a Вып. 14 : Математические проблемы статистической физики
|f отв. ред. А. С. Давыдов
|
| 210 |
|
|
|d 1988
|
| 215 |
|
|
|d 26 см.
|a 96 с.
|c ил.
|
| 320 |
|
|
|a Библиогр. в конце ст.
|
| 461 |
|
1 |
|0 (RuTPU)RU\TPU\book\129654
|t Физика многочастичных систем
|o республиканский межведомственный сборник научных трудов
|f Академия наук Украинской ССР, Институт теоретической физики
|v Вып. 14
|d 1982-
|
| 606 |
1 |
|
|a Статистическая физика
|2 stltpush
|3 (RuTPU)RU\TPU\subj\27931
|9 51579
|
| 610 |
1 |
|
|a многочастичные системы
|
| 610 |
1 |
|
|a кинетические явления
|
| 610 |
1 |
|
|a необратимые процессы
|
| 610 |
1 |
|
|a теория конденсированного состояния
|
| 610 |
1 |
|
|a фазовые переходы
|
| 675 |
|
|
|a 531.19
|v 3
|
| 702 |
|
1 |
|a Давыдов
|b А. С.
|4 340
|
| 801 |
|
0 |
|a RU
|b RuMRKP
|c 19950704
|g psbo
|
| 801 |
|
1 |
|a RU
|b 63413507
|c 20080917
|g PSBO
|
| 801 |
|
2 |
|a RU
|b 63413507
|c 20150907
|g PSBO
|
| 942 |
|
|
|c BK
|